| 000 | 01098cam a2200349 a 4500 | ||
|---|---|---|---|
| 001 | 4626 | ||
| 003 | FISKH | ||
| 005 | 20240918113952.0 | ||
| 008 | 080521s2009 nyua b 000 1 eng | ||
| 010 | _a 2008929406 | ||
| 020 | _a9780060574154 (pbk. bdg.) | ||
| 020 | _a9780061689741 (trade bdg.) | ||
| 020 | _a9780060574154 | ||
| 040 |
_aDLC _cDLC _dDLC _beng |
||
| 050 | _aPZ7.B44826 | ||
| 082 | _a428 | ||
| 100 | 1 |
_aBerenstain, Jan, _d1923-2012. |
|
| 245 | 1 | 4 |
_aThe Berenstain Bears' sleepover / _cJan and Mike Berenstain. |
| 260 |
_aNew York : _bHarperCollins Publishers, _c2009. |
||
| 300 |
_a32 pages : _bcolor illustrations ; _c23 cm |
||
| 490 | 0 | _aI can read ! Beginning reading 1 | |
| 505 | _aG | ||
| 520 | _aSister and Brother Bear host a sleepover with their best friends, Lizzie and Barry. | ||
| 521 |
_a370
_bLexile |
||
| 521 |
_aG
_bRaz-Plus |
||
| 650 | 1 |
_aSleepovers _vFiction. |
|
| 650 | 1 |
_aBears _vFiction. |
|
| 700 | 1 |
_aBerenstain, Mike, _d1951- _eAuthor |
|
| 906 |
_a7 _bcbc _corignew _d2 _eepcn _f20 _gy-gencatlg |
||
| 942 |
_2ddc _cBK _n0 |
||
| 999 |
_c4626 _d4626 |
||